000 00323nam a22001451a 4500
020 _a9788171230716
082 _a294.6
_bGOB/Z
100 _aGobind Singh Ji
245 _aZafarnama/
_cby Gobind Singh Ji
260 _aNew Delhi:
_bAbc,
_c2000.
300 _a112p.
650 _aSikhism
650 _aReligion
942 _cBK
999 _c51888
_d51888